=LDR 00000nam 2200000 4500 =001 INLIS000000000018524 =005 20240703014042 =035 ##$$a 0010-061300000018524 =008 240703################g##########0#ind## =041 ##$$a ind =082 ##$$a R. 433 =090 ##$$a R 433, Sch k =100 ##$$a Schacfht, Adolf =245 1#$$a Kamus Jerman Indonesua /$c Adolf schacfht, Drs. Hafifi =260 ##$$a Jakarta :$b PT. Rineka Cipta,$c 1994 =300 ##$$a ix, 642 hlm. ; $c 24 x 16 cm. =650 #4$$a Kamus Jerman - Indonesia =850 ##$$a NBPNMAT =020 ##$$a 979-518-570-5 =084 ##$$a R. 433 SCH k =250 ##$$a cet. 1 =700 #$$a Hafifi =990 ##$$a 12431243 =990 ##$$a 12431243 =990 ##$$a 12431243 =990 ##$$a 12431243 =990 ##$$a 12431243 =990 ##$$a 12431243 =990 ##$$a 20610933 =990 ##$$a 1200603363 =990 ##$$a 1200603364 =990 ##$$a 1200603365 =990 ##$$a 1200603366 =990 ##$$a 1200603367 =990 ##$$a 10608062 =990 ##$$a 1200603363 =990 ##$$a 1200603364 =990 ##$$a 1200603365 =990 ##$$a 1200603366 =990 ##$$a 20610933 =990 ##$$a 30701090 =990 ##$$a 1200603363 =990 ##$$a 1200603364 =990 ##$$a 1200603365 =990 ##$$a 10608062 =990 ##$$a 20610933 =990 ##$$a 20610932 =990 ##$$a 1200603363 =990 ##$$a 1200603364 =990 ##$$a 30701090 =990 ##$$a 10608062 =990 ##$$a 20610933 =990 ##$$a 30701089 =990 ##$$a 1200603363 =990 ##$$a 20610932 =990 ##$$a 30701090 =990 ##$$a 10608062 =990 ##$$a 20610933 =990 ##$$a 10608065 =990 ##$$a 30701089 =990 ##$$a 20610932 =990 ##$$a 30701090 =990 ##$$a 10608062 =990 ##$$a 20610933